000 00675cam a2200241 a 4500
001 1069854
005 20180809061237.0
008 910501s1991 nyua b 001 0 eng c
010 _a 91016595
020 _a0879935138
040 _aDNLM/DLC
_cDLC
_dDLC
041 _aeng
060 _aWS 290 R616d
080 _a616.053 RIV
082 0 0 _a616.053 RIV
_220
100 1 _a7
101 _aKAR
245 1 4 _aThe developing myocardium /
_cEmma Riva and David J. Hearse.
504 _aIncludes bibliographical references (p. 109-127) and index.
906 _a7
_bcbc
_corignew
_d1
_eocip
_f19
_gy-gencatlg
942 _2ddc
_cBK
999 _c46965
_d46965